000 00338nam a2200133Ia 4500
005 20260328104308.0
008 260328s9999||||xx |||||||||||||| ||und||
100 _aWorster, Donald
245 0 _aTransformaciones de la Tierra /
_cDonald Worster
260 _buniversidad de Panamá
300 _a193 p.
650 _aPANAMÁ
942 _cBK
999 _c10847
_d10847